00286nam a2200121Ia 4500008004100000100002300041245003300064260002500097300000800122650001000130942000700140999001700147190216s9999||||xx |||||||||||||| ||und|| aRakesh Kumar Singh 0aHindi-Joda Hail Ki Roopkatha bBharathiya Jananipid a132 aHindi cBK c16210d16210